000 00452nam a22001817a 4500
005 20231031163921.0
008 231031b |||||||| |||| 00| 0 eng d
020 _a978-93-86456-82-3
041 _aeng
082 _a347.09
100 _aTRIPATHI, DR. S.C
_98216
245 _aALTERNATIVE DISPUTE RESOLUTION [ADR]
250 _a3RD.ED.,2018
260 _aALLAHABAD
_bCENTRAL LAW PUBLICATION
_c2022
300 _a463;p
650 _aLAW
942 _cBK
999 _c8433
_d8431